| 000 | 00452nam a2200157Ia 4500 | ||
|---|---|---|---|
| 008 | 151213s9999 xx 000 0 und d | ||
| 020 | _a81-7808791-x | ||
| 100 | _aThe Institute of Chartered Act Of Bangladesh | ||
| 245 |
_aBFRS _cThe Institute of Chartered Act Of Bangladesh |
||
| 260 |
_aDhaka _bICAB _c2009 |
||
| 300 | _a6890 p. | ||
| 650 | _aAccounting | ||
| 650 | _aBFRS | ||
| 700 | _aThe Institute of Chartered Act Of Bangladesh | ||
| 999 |
_c3702 _d3702 |
||